MARC details
| 000 -LEADER |
| fixed length control field |
02224cam a2200433 i 4500 |
| 001 - CONTROL NUMBER |
| control field |
20236102 |
| 003 - CONTROL NUMBER IDENTIFIER |
| control field |
GZU |
| 005 - DATE AND TIME OF LATEST TRANSACTION |
| control field |
20210524143646.0 |
| 008 - FIXED-LENGTH DATA ELEMENTS--GENERAL INFORMATION |
| fixed length control field |
180103t20142014sa b 001 0 eng c |
| 010 ## - LIBRARY OF CONGRESS CONTROL NUMBER |
| LC control number |
2017493020 |
| 020 ## - INTERNATIONAL STANDARD BOOK NUMBER |
| International Standard Book Number |
9781485106401 |
| Qualifying information |
(pbk.) |
| 020 ## - INTERNATIONAL STANDARD BOOK NUMBER |
| International Standard Book Number |
1485106400 |
| Qualifying information |
(pbk.) |
| 035 ## - SYSTEM CONTROL NUMBER |
| System control number |
(OCoLC)ocn904247270 |
| 040 ## - CATALOGING SOURCE |
| Original cataloging agency |
Y$R |
| Language of cataloging |
eng |
| Transcribing agency |
Y$R |
| Description conventions |
rda |
| Modifying agency |
Y$R |
| -- |
OCLCO |
| -- |
OD$ |
| -- |
OCLCF |
| -- |
OCLCQ |
| -- |
NDL |
| -- |
OCLCA |
| -- |
DLC |
| 042 ## - AUTHENTICATION CODE |
| Authentication code |
pcc |
| 043 ## - GEOGRAPHIC AREA CODE |
| Geographic area code |
f-sa--- |
| 050 00 - LIBRARY OF CONGRESS CALL NUMBER |
| Classification number |
KTL1045 |
| Item number |
.H463 2014 |
| 100 1# - MAIN ENTRY--PERSONAL NAME |
| Personal name |
Henning, J. J., |
| Relator term |
author. |
| 245 10 - TITLE STATEMENT |
| Title |
Perspectives on the law of partnership in South Africa / |
| Statement of responsibility, etc. |
J.J. Henning. |
| 264 #1 - PRODUCTION, PUBLICATION, DISTRIBUTION, MANUFACTURE, AND COPYRIGHT NOTICE |
| Place of production, publication, distribution, manufacture |
Claremont [South Africa] : |
| Name of producer, publisher, distributor, manufacturer |
Juta, |
| Date of production, publication, distribution, manufacture, or copyright notice |
[2014] |
| 264 #4 - PRODUCTION, PUBLICATION, DISTRIBUTION, MANUFACTURE, AND COPYRIGHT NOTICE |
| Date of production, publication, distribution, manufacture, or copyright notice |
©2014 |
| 300 ## - PHYSICAL DESCRIPTION |
| Extent |
xli, 294 pages ; |
| Dimensions |
24 cm |
| 336 ## - CONTENT TYPE |
| Content type term |
text |
| Content type code |
txt |
| Source |
rdacontent |
| 337 ## - MEDIA TYPE |
| Media type term |
unmediated |
| Media type code |
n |
| Source |
rdamedia |
| 338 ## - CARRIER TYPE |
| Carrier type term |
volume |
| Carrier type code |
nc |
| Source |
rdacarrier |
| 504 ## - BIBLIOGRAPHY, ETC. NOTE |
| Bibliography, etc. note |
Includes bibliographical references (pages 251-276 and index). |
| 505 0# - FORMATTED CONTENTS NOTE |
| Formatted contents note |
History and sources --Leonine partnership -- Triple contract -- Repeal of twenty-partner limit -- Universal and general partnerships -- Limiting liability -- Legal status -- Mutual mandate and agency -- A partnership of juristic person in insolvency -- Dual priorities in insolvency. |
| 520 ## - SUMMARY, ETC. |
| Summary, etc. |
Perspectives on the Law of Partnership in South Africa examines the most problematic issues in the law of partnership. It investigates specific issues in the area of partnership law, painting a broader picture of all the other relevant areas involved. In following a 'perspectives' approach-presenting a historical and a comparative perspective-the book offers a detailed consideration of complex areas of partnership law while at the same time exploring the law in general. |
| 650 #0 - SUBJECT ADDED ENTRY--TOPICAL TERM |
| Topical term or geographic name entry element |
Partnership |
| Geographic subdivision |
South Africa. |
| 650 #0 - SUBJECT ADDED ENTRY--TOPICAL TERM |
| Topical term or geographic name entry element |
Bankruptcy |
| Geographic subdivision |
South Africa. |
| 650 #0 - SUBJECT ADDED ENTRY--TOPICAL TERM |
| Topical term or geographic name entry element |
Limited liability |
| Geographic subdivision |
South Africa. |
| 650 #7 - SUBJECT ADDED ENTRY--TOPICAL TERM |
| Topical term or geographic name entry element |
Bankruptcy. |
| Source of heading or term |
fast |
| Authority record control number or standard number |
(OCoLC)fst00826826 |
| 650 #7 - SUBJECT ADDED ENTRY--TOPICAL TERM |
| Topical term or geographic name entry element |
Limited liability. |
| Source of heading or term |
fast |
| Authority record control number or standard number |
(OCoLC)fst00998900 |
| 650 #7 - SUBJECT ADDED ENTRY--TOPICAL TERM |
| Topical term or geographic name entry element |
Partnership. |
| Source of heading or term |
fast |
| Authority record control number or standard number |
(OCoLC)fst01054190 |
| 651 #7 - SUBJECT ADDED ENTRY--GEOGRAPHIC NAME |
| Geographic name |
South Africa. |
| Source of heading or term |
fast |
| Authority record control number or standard number |
(OCoLC)fst01204616 |
| 906 ## - LOCAL DATA ELEMENT F, LDF (RLIN) |
| a |
7 |
| b |
cbc |
| c |
pccadap |
| d |
2 |
| e |
ncip |
| f |
20 |
| g |
y-gencatlg |
| 942 ## - ADDED ENTRY ELEMENTS (KOHA) |
| Source of classification or shelving scheme |
Library of Congress Classification |
| Koha item type |
Books |
| Classification part |
1045 |
| Item part |
HEN |
| Call number prefix |
KTL |
| Call number suffix |
2014 |